000 00541nam a22001937a 4500
005 20171009113532.0
010 _aENG-120756
020 _a9789386191144
_c275.00
035 _aEN-104288
037 _bDBAD/PUB
082 _aN
100 _aShubhs
245 _aRunuts? /
_cby Shubhs ; foreward by Mahesh Sharma
260 _aNew Delhi
_bLifi Publication
_c2017
270 _a211,2nd Floor,Gagandeep,12 Rajendra Place
_bNew Delhi
_e110008
300 _avii,244p.
_c20cm (pbk)
700 _a Sharma, Mahesh
942 _2ddc
_cEN
_hN
_mSHU
999 _c146264
_d146264